| 000 | 01248cam a2200397 i 4500 | ||
|---|---|---|---|
| 001 | 200468074 | ||
| 003 | TR-AnTOB | ||
| 005 | 20260413134301.0 | ||
| 007 | ta | ||
| 008 | 260413r19771962nyu 000 1 eng c | ||
| 010 | _a 2009291433 | ||
| 020 |
_a0340204451 _c(paperback) |
||
| 035 | _a15772089 | ||
| 035 | _a(OCoLC)41518891 | ||
| 035 | _a(TR-AnTOB)200468074 | ||
| 040 |
_aDZM _beng _erda _cDZM _dUMC _dOCLCQ _dBAKER _dYDXCP _dDLC _dTR-AnTOB |
||
| 041 | 0 | _aeng | |
| 043 | _an-us--- | ||
| 050 | 0 | 0 |
_aPS3553.L365 _bK5 1977 |
| 090 |
_aPS3553.L365 _bK5 1977 |
||
| 100 | 1 |
_aClavell, James _eauthor _4aut _9150123 |
|
| 245 | 1 | 0 |
_aKing Rat / _cJames Clavell. |
| 264 | 1 |
_aLondon : _bCoronet Books, _c1977. |
|
| 300 |
_a320 pages ; _c18 cm |
||
| 336 |
_atext _btxt _2rdacontent |
||
| 337 |
_aunmediated _bn _2rdamedia |
||
| 338 |
_avolume _bnc _2rdacarrier |
||
| 650 | 0 |
_aWorld War, 1939-1945 _xPrisoners and prisons, Japanese _vFiction _9153593 |
|
| 650 | 0 |
_aPrisoners of war _vFiction _9153594 |
|
| 650 | 0 |
_aSoldiers _vFiction _9153595 |
|
| 655 | 7 |
_aWar stories _2gsafd _95022 |
|
| 655 | 7 |
_aFiction _2lcgft _0https://id.loc.gov/authorities/genreForms/gf2014026339 _9151487 |
|
| 942 |
_2lcc _cBK |
||
| 999 |
_c200468074 _d86286 |
||